1800 1373 1247 1116 1713 1466 1550 1586 1302 1869 1373 1931 1639 1312 1912 1386 1518 1751 1899 1251 1659 1113 1140 1589 1730 1679 1518 1040 1393 1542 1190 1015 1687 1474 1634 1197 1442 1502 1010 1025 1550 1844 1314 1224 1237 1010 1694 1135 1792 1966 1334 1719 1473 1358 1312 1224 1087 1930 1953 1108 1921 1616 1144 1995 1361 1362 1123 1471 1301 1080 1213 1476 1372 1703 1560 1514 1929 1094 1882 1009 1049 1938 1453 1769 1238 1368 1153 1752 1249 1851 1264 1290 1494 1267 1474 1619 1649 1695 1965 BCNSPRNW ULIB Ver.6.0+V

เปลี่ยนเป็นภาษาไทย

Change to English
 แสดงรายละเอียดบรรณานุกรม
  กลับหน้าหลัก

Brief Record : Get Marc (ISO 2709) : E-mail record : QR code < ปิดหน้าต่าง
LEADER : 00000nam 2200000uu 4500
001    13399123452
003     ULIB
008    020711s2557 th a 000 0 tha d
020    9786165381987
060    WA400^bอ911ส
100    เอมอัชฌา วัฒนบุรานนท์
245    สวัสดิศึกษา.^b=Safety Education./^cเอมอัชฌา วัฒนบุรานนท์
250    พิมพ์ครั้งที่ 3
260    กรุงเทพฯ :^bโอเดียนสโตร์,^c2557
300    224 หน้า;^b24 ซม.
650    อุบัติเหตุ^xการป้องกัน
945    ^p170^l0^i20717
945    ^p170^l0^i20718
945    ^p170^l0^i20719
945    ^p170^l0^i20720
945    ^p170^l0^i20721
รายการนี้ยังไม่มีแท็ก
คุณยังไม่ได้ล็อกอิน คุณสามารถมีกิจกรรมร่วมกับเว็บไซต์ได้ แต่ต้องล็อกอินก่อน ::
  ล็อกอิน

รายการสื่อสารสนเทศ

ลำดับที่ ประเภท เลขเรียก/บาร์โค้ด สถานที่ สถานะ
1. วิทยาศาสตร์การแพทย์ และสุขภาพ
วิทยาศาสตร์การแพทย์ และสุขภาพ
สถานะ=หนังสือเก่า
WA400 อ911ส ฉ.1 
  Barcode: 20717
ห้องสมุดวิทยาเขตนครสวรรค์
►ส่วนจัดเก็บหนังสือเก่า นว.
บนชั้น
  ขอยืม
2. วิทยาศาสตร์การแพทย์ และสุขภาพ
วิทยาศาสตร์การแพทย์ และสุขภาพ
สถานะ=หนังสือเก่า
WA400 อ911ส ฉ.2 
  Barcode: 20718
ห้องสมุดวิทยาเขตนครสวรรค์
►ส่วนจัดเก็บหนังสือเก่า นว.
บนชั้น
  ขอยืม
3. วิทยาศาสตร์การแพทย์ และสุขภาพ
วิทยาศาสตร์การแพทย์ และสุขภาพ
สถานะ=หนังสือเก่า
WA400 อ911ส ฉ.3 
  Barcode: 20719
ห้องสมุดวิทยาเขตนครสวรรค์
►ส่วนจัดเก็บหนังสือเก่า นว.
บนชั้น
  ขอยืม
4. วิทยาศาสตร์การแพทย์ และสุขภาพ
วิทยาศาสตร์การแพทย์ และสุขภาพ
สถานะ=หนังสือเก่า
WA400 อ911ส ฉ.4 
  Barcode: 20720
ห้องสมุดวิทยาเขตนครสวรรค์
►ส่วนจัดเก็บหนังสือเก่า นว.
บนชั้น
  ขอยืม
5. วิทยาศาสตร์การแพทย์ และสุขภาพ
วิทยาศาสตร์การแพทย์ และสุขภาพ
สถานะ=หนังสือเก่า
WA400 อ911ส ฉ.5 
  Barcode: 20721
ห้องสมุดวิทยาเขตนครสวรรค์
►ส่วนจัดเก็บหนังสือเก่า นว.
บนชั้น
  ขอยืม

รายการใกล้เคียง
    ผู้แต่ง [เอมอัชฌา วัฒนบุรานนท์]

BibComment


ยังไม่เคยถูกคอมเมนท์

คอมเมนท์ทรัพยากรรายการนี้
  คอมเมนท์: สวัสดิศึกษา Safet..


 Copyright 2026. Bcnsprnw @Library